000
00363nam a2200145Ia 4500
008
231129s1983||||xx |||||||||||||| ||spa||
020
_a
84-02-09549-6
040
_b
spa
082
_a
597 A238m
100
_a
Admetlla Eduardo
245
0
_a
Mis amigos los peces
260
_c
1983
264
_a
Bruguera
942
_2
ddc
_c
BKS
999
_c
21250
_d
21250